Śrī Aravinda kā sarvāṅga darśana. (Record no. 67926)

MARC details
000 -LEADER
fixed length control field 00649cam a22002291 4500
001 - CONTROL NUMBER
control field sa 66001697
003 - CONTROL NUMBER IDENTIFIER
control field DLC
005 - DATE AND TIME OF LATEST TRANSACTION
control field 20260227112223.0
008 - FIXED-LENGTH DATA ELEMENTS--GENERAL INFORMATION
fixed length control field 900105s1965 ii b 000 0 hino
010 ## - LIBRARY OF CONGRESS CONTROL NUMBER
LC control number sa 66001697
035 ## - SYSTEM CONTROL NUMBER
System control number (OCoLC)20851250
040 ## - CATALOGING SOURCE
Original cataloging agency DLC
Transcribing agency WaU
Modifying agency DLC
050 00 - LIBRARY OF CONGRESS CALL NUMBER
Classification number BL1270.G4
Item number S54
100 1# - MAIN ENTRY--PERSONAL NAME
Personal name Sharma, Ram Nath,
Dates associated with a name 1931-
245 10 - TITLE STATEMENT
Title Śrī Aravinda kā sarvāṅga darśana.
260 ## - PUBLICATION, DISTRIBUTION, ETC.
Date of publication, distribution, etc. [1965]
300 ## - PHYSICAL DESCRIPTION
Extent iii, xx, 189, ii p.
Dimensions 23 cm.
500 ## - GENERAL NOTE
General note In Hindi.
504 ## - BIBLIOGRAPHY, ETC. NOTE
Bibliography, etc. note List of the author's works: p. [i]-ii (last group)
504 ## - BIBLIOGRAPHY, ETC. NOTE
Bibliography, etc. note Bibliography: p. [181]-[184]
600 10 - SUBJECT ADDED ENTRY--PERSONAL NAME
Personal name Ghose, Aurobindo,
Dates associated with a name 1872-1950.

No items available.

Powered by Koha